Представление документа в формате RUSMARC

ПолеНазваниеЗначение
  Тип записи a
  Библиографический уровень m
001 Контрольный номер RU/IS/BASE/452079777
005 Дата корректировки 20251125140502.5
010 Индекс ISBN __
a ISBN 5-9555-0725-6
d Цена 20 р. 00 к.
9 Тираж 10 000 экз.
100 Данные общей обработки __
a Данные общей обработки 20140429d2014 ||| 0rusy0189 ca
101 Язык документа 0_
a Язык текста rus
102 Страна публикации __
a Страна публикации RU
105 Кодированные данные (монография) __
a Кодированные данные (монография) y###||||000|y
181 Поле кодированных данных: вид содержания _1
a Код вида содержания (ISBD) i#
b Код характеристики содержания (ISBD) #xxe##
d i
g x
h x
i e
182 Поле кодированных данных: тип средства _1
a Код типа средства (ISBD) n
2 Код системы (источник кода, отличный от ISBD) isbdmedia
200 Заглавие и сведения об ответственности 1_
a Заглавие Бежин луг
b Общее обозначение материала Текст
e Сведения, относящиеся к заглавию рассказ, стихотворения в прозе
f Первые сведения об ответственности И. С. Тургенев
w Текст (визуальный) : непосредственный
203 Вид содержания и тип средства __
a Вид содержания Текст
b Характеристика содержания визуальный
c Тип средства непосредственный
210 Выходные данные 1_
a Место издания Москва
c Издательство Дрофа-Плюс
d Дата издания 2005
215 Физическое описание __
a Объем 62, [1] с.
d Формат 21 см.
225 Серия 0_
a Серия Внеклассное чтение
300 Общие примечания __
a Общие примечания Ограничения по возрасту - 6+
300 Общие примечания __
a Общие примечания Под инв. номером 104221: Ц-1, 2-1, 3-2, 4-1, 12-1, 18-1, 24-2, 25-2, 26-1, 27-2, 28-1, 29-2, 30-2
606 Тематические рубрики 0_
a Основная рубрика Русская детская литература, 19 в. - Проза
610 Ключевые слова 0_
a Ключевые слова классика
a Ключевые слова литература русская
a Ключевые слова рассказы
a Ключевые слова стихотворения в прозе
a Ключевые слова проза
686 Индексы других классификаций __
a Классификационный индекс 84(2Рос=Рус)1
2 Код системы ББК
700 Автор _0
a Фамилия Тургенев
b Имя (инициалы) Иван Сергеевич
g Полное личное имя И. С.
801 Источник записи _0
a Страна RU
b Организация МБУК ЦБС г. Ульяновска
c Дата составления 20140429
g Правила каталогизации RCR
801 Источник записи _1
a Страна RU
b Организация МБУК ЦБС г. Ульяновска
c Дата составления 20140429
g Правила каталогизации RCR
899 Данные о местонахождении __
i Авторский знак Т 87
j Расстановочный фильтр Р1
901 Тип документа __
t Тип документа m
910 Корректоры записи __
a Корректор записи Тургенева